Le bestiaire : de la chanson populaire grecque moderne
Saved in:
| Main Author: | |
|---|---|
| Other Authors: | |
| Format: | Book |
| Language: | French |
| Published: |
Paris :
Presses de l'Universite de Paris-Sorbonne,
1997
|
| Subjects: | |
| Tags: |
Add Tag
No Tags, Be the first to tag this record!
|
MARC
| LEADER | 00000cam a2200000 i 4500 | ||
|---|---|---|---|
| 001 | 1/12164 | ||
| 008 | 000919s1997 fre d | ||
| 020 | |a 2-84050-090-6 | ||
| 035 | |l 10064103 | ||
| 040 | |a GR-MY-UA |b gre |e aacr | ||
| 041 | 0 | |a fre | |
| 082 | 0 | |a 782.4209495 | |
| 100 | 1 | |a Karagiannis-Moser, Emmanuelle. | |
| 245 | 1 | 3 | |a Le bestiaire : |b de la chanson populaire grecque moderne / |c Emmanuelle Karagiannis-Moser ; preface de Guy Saunier |
| 260 | |a Paris : |b Presses de l'Universite de Paris-Sorbonne, |c 1997 | ||
| 300 | |a 394 p.; |c 24 cm | ||
| 500 | |a Ad head of title: Universite de Paris-Sorbonne (Paris IV) Institut Neo-Hellenique, Equipe Claude Fauriel | ||
| 650 | 0 | 0 | |a Popular music |z Greece. |
| 650 | 0 | 0 | |a Folk songs, Greek. |
| 700 | 1 | |a Saunier, Guy. |4 aui | |
| 852 | |a INST |b RHODES |e 20000919 |h 782.4209495 KAR |p 005400012370 |q 005400012370 |t BK |y 0 | ||
| 852 | |a INST |b RHODES |e 20021119 |h 782.4209495 KAR |p 005400015925 |q 005400015925 |t BK |y 0 | ||
| 901 | |a BIBL4-2000-3 | ||
| 909 | |a Ρ |b 068949 | ||
| 909 | |a Ρ |b 101391 | ||
| 922 | |a 4ΕΛΗ |b 199909 |c ΚΠΣ/154 |d GLORY BOOKS | ||
| 970 | |z 2000/09/ΑΔΑΜ | ||